00570nam a2200193Ii 450000100060000000300090000600800410001502000150005604000330007104100080010408200180011210000200013024500420015026400910019230000120028333600260029533700280032133800270034911845CO-ViMGA241108s9999||||xx |||||||||||||| ||und|| a9977660387 aCO-ViMGAbspaerdacCO-ViMGA0 aunk04a693.852 S261f1 aFranz Sauter F.10aFundamentos de Ingeniería Sísmica 1a[Lugar de publicación no identificado] : Editorial tecnológica de Costa Rica, 1989 avolumen atextbtxt2rdacontent aunmediatedbn2rdamedia avolumebnc2rdacarrier